| 000 | 00447nam a2200205Ia 4500 | ||
|---|---|---|---|
| 008 | 210210b1874 xxu||||| |||| 00| 0 eng d | ||
| 041 | _aeng | ||
| 082 | _a828/589 | ||
| 100 | _aSMILES (S) | ||
| 245 | _aLives of the Smeaton and Rennie | ||
| 260 |
_aLondon _bJohn Murray _c1874 |
||
| 650 | _athe | ||
| 650 | _aSmeaton | ||
| 650 | _aRennie | ||
| 650 | _aof | ||
| 650 | _aLives | ||
| 650 | _aand | ||
| 690 | _aBiography | ||
| 906 | _a016434 | ||
| 999 |
_c135963 _d135963 |
||